IF TOMORROW COMES (Record no. 30754)

MARC details
000 -LEADER
fixed length control field 00311nam a2200133Ia 4500
008 - FIXED-LENGTH DATA ELEMENTS--GENERAL INFORMATION
fixed length control field 240624s9999 xx 000 0 und d
041 ## - LANGUAGE CODE
Language code of text/sound track or separate title eng
082 ## - DEWEY DECIMAL CLASSIFICATION NUMBER
Classification number 823 SHE
100 ## - MAIN ENTRY--PERSONAL NAME
Personal name SHELDON SIDNEY
245 ## - TITLE STATEMENT
Title IF TOMORROW COMES
260 ## - PUBLICATION, DISTRIBUTION, ETC.
Date of publication, distribution, etc. 1986
Place of publication, distribution, etc. New York
Name of publisher, distributor, etc. Warner Books
300 ## - PHYSICAL DESCRIPTION
Extent 408 p.; 17 cm.
365 ## - TRADE PRICE
Currency code
Holdings
Withdrawn status Lost status Damaged status Not for loan Home library Current library Shelving location Date acquired Cost, normal purchase price Total Checkouts Full call number Barcode Date last seen Date last checked out Price effective from Koha item type
        IMTN IMTN Rack 41-A 05/24/2018 7.99 1 823 SHE 30754 10/16/2025 10/08/2025 06/24/2024 Books
Designed & Maintained by: LRC IMT Nagpur Contact: lrc@imtnag.ac.in© 2024. All Rights Reserved.